[Event "Online Olym Div3 B 2021"]
[Site "chess.com INT"]
[Date "2021.08.28"]
[Round "6.5"]
[Board "3"]
[White "Ben Said, Safa"]
[Black "Rodriguez Guevara, Celia M."]
[Result "1-0"]
[WhiteTitle "WFM"]
[WhiteElo "1577"]
[BlackElo "1849"]
[WhiteTeam "Tunisia"]
[BlackTeam "Cape Verde"]
[WhiteFideId "5503400"]
[BlackFideId "3511596"]
[EventDate "2021.08.27"]
[EventType "team"]

1. e4 d5 2. exd5 Qxd5 3. Nc3 Qa5 4. Bc4 Nf6 5. d3 c6 6. Nf3 Bf5 7. Bf4 e6 8. O-O
Be7 9. Qd2 Qd8 10. Rad1 O-O 11. Ne5 Nbd7 12. Qe2 Nxe5 13. Qxe5 b5 14. Bb3 a5 15.
a4 Ng4 16. Qe2 b4 17. Ne4 Nf6 18. h3 Bxe4 19. dxe4 Qb6 20. Rd3 Rfd8 21. Rg3 Qd4
22. Bh6 g6 23. e5 Nd7 24. Re1 Bc5 25. Be3 Qxe5 26. Rg5 Qd6 27. Rd1 Qe7 28. Bf4
Nf8 29. Re1 Bd6 30. Be3 Nd7 31. Qh5 Nf6 32. Qh6 Qf8 33. Qh4 Be7 34. Qc4 Ne4 35.
Rg4 Nf6 36. Rg3 Nd5 37. Bd4 c5 38. Be5 f6 39. Bf4 e5 40. Bc1 Kh8 41. Qe4 Nc7 42.
h4 Rd4 43. Qc6 Qd8 44. c3 Ra6 45. Qf3 bxc3 46. bxc3 Rxh4 47. Rd1 Qf8 48. Rd7 Ne8
49. Qb7 Rd6 50. Rxe7 Rd8 51. Rh3 Rxh3 52. gxh3 Qg8 53. Bxg8 Kxg8 54. Rxh7 Rd1+
55. Kg2 Rxc1 56. Qf7# 1-0

[Event "Online Olym Div3 B 2021"]
[Site "chess.com INT"]
[Date "2021.08.28"]
[Round "6.5"]
[Board "5"]
[White "Elayeb, Med Yessine"]
[Black "Santos, Bruno Miguel Araujo"]
[Result "1-0"]
[WhiteElo "1661"]
[BlackElo "1409"]
[WhiteTeam "Tunisia"]
[BlackTeam "Cape Verde"]
[WhiteFideId "5506433"]
[BlackFideId "23600349"]
[EventDate "2021.08.27"]
[EventType "team"]

1. d4 d5 2. c4 e6 3. Nf3 Nf6 4. g3 Nbd7 5. Bg2 Be7 6. O-O O-O 7. Qc2 b6 8. Bf4
Bb7 9. Nc3 a6 10. cxd5 Bxd5 11. Nxd5 Nxd5 12. Ne5 Nxe5 13. Bxe5 Rc8 14. Qc4 f6
15. Bf4 Nxf4 16. gxf4 a5 17. Qxe6+ Kh8 18. e3 Re8 19. Bc6 Rf8 20. Qg4 f5 21. Qf3
Rf6 22. Kh1 Qd6 23. Rac1 Rg6 24. Qh5 Rh6 25. Qxf5 Rf8 26. Qe5 Qxe5 27. fxe5 Rf5
28. Bg2 Bd8 29. h3 Rfh5 30. Kh2 g5 31. Rc6 g4 32. Rxh6 Rxh6 33. Rc1 gxh3 34.
Bxh3 Kg7 35. Rg1+ Kf7 36. e6+ Kf8 37. Rg4 Be7 38. d5 Rf6 39. f4 h5 40. Rg5 Rh6
41. Rg3 h4 42. Rg4 Bd6 43. Kg2 Rh8 44. Kf3 Rh7 45. e4 Ke7 46. e5 Bc5 47. f5 Rh5
48. f6+ Ke8 49. Rg8+ Bf8 50. e7 1-0

[Event "Online Olym Div3 B 2021"]
[Site "chess.com INT"]
[Date "2021.08.29"]
[Round "7.1"]
[Board "2"]
[White "Koniahli, Malek."]
[Black "Mirulla, David"]
[Result "1-0"]
[WhiteTitle "FM"]
[WhiteElo "2255"]
[BlackElo "1956"]
[WhiteTeam "Syria"]
[BlackTeam "Cape Verde"]
[WhiteFideId "7603495"]
[BlackFideId "2830235"]
[EventDate "2021.08.27"]
[EventType "team"]

1. d4 Nf6 2. c4 g6 3. Nc3 Bg7 4. e4 d6 5. f3 Nbd7 6. Be3 e5 7. d5 O-O 8. Bd3 Nc5
9. Nge2 Ne8 10. O-O f5 11. exf5 gxf5 12. f4 Nxd3 13. Qxd3 Nf6 14. h3 Nh5 15. c5
Kh8 16. cxd6 cxd6 17. Rac1 Rf7 18. Nb5 a6 19. Qa3 Bf8 20. Nc7 Rb8 21. Ne6 Qf6
22. Nxf8 Rxf8 23. fxe5 dxe5 24. Bg5 1-0

[Event "Online Olym Div3 B 2021"]
[Site "chess.com INT"]
[Date "2021.08.29"]
[Round "7.1"]
[Board "3"]
[White "Rodriguez Guevara, Celia M."]
[Black "Yazji, Mada"]
[Result "0-1"]
[WhiteElo "1849"]
[BlackElo "1704"]
[WhiteTeam "Cape Verde"]
[BlackTeam "Syria"]
[WhiteFideId "3511596"]
[BlackFideId "7602065"]
[EventDate "2021.08.27"]
[EventType "team"]

1. e4 c5 2. Nf3 Nc6 3. g3 d6 4. Bg2 Nf6 5. Nc3 e6 6. O-O Be7 7. Re1 O-O 8. d4
cxd4 9. Nxd4 Bd7 10. a3 a6 11. Be3 Qc7 12. Qe2 Rac8 13. Rad1 Ne5 14. h3 Nc4 15.
Bc1 Nxa3 16. b3 Nxc2 17. Nxc2 Qxc3 18. Nd4 e5 19. Bb2 Qb4 20. Nf5 Bxf5 21. exf5
Qxb3 22. Qd2 Rc2 0-1

[Event "Online Olym Div3 B 2021"]
[Site "chess.com INT"]
[Date "2021.08.29"]
[Round "7.2"]
[Board "2"]
[White "Amdouni, Zoubaier"]
[Black "Tsige, Addisalem Temesgen"]
[Result "1-0"]
[WhiteTitle "FM"]
[WhiteElo "2218"]
[BlackElo "2050"]
[WhiteTeam "Tunisia"]
[BlackTeam "Ethiopia"]
[WhiteFideId "5500419"]
[BlackFideId "15700160"]
[EventDate "2021.08.27"]
[EventType "team"]

1. e4 c5 2. Nf3 g6 3. Nc3 Nc6 4. d4 cxd4 5. Nxd4 Bg7 6. Be3 Nf6 7. Bc4 O-O 8.
Bb3 Re8 9. O-O d6 10. h3 Na5 11. f4 Nxb3 12. axb3 a6 13. Qf3 Rb8 14. e5 Nd7 15.
e6 Nf6 16. f5 fxe6 17. fxe6 Rf8 18. Qe2 Qc7 19. g4 b5 20. g5 Nh5 21. Nd5 Qb7 22.
Rxf8+ Bxf8 23. Qf3 Bg7 24. Qf7+ Kh8 25. Qe8+ 1-0

[Event "Online Olym Div3 B 2021"]
[Site "chess.com INT"]
[Date "2021.08.29"]
[Round "7.2"]
[Board "3"]
[White "Haile, Lidet, Abate"]
[Black "Ben Said, Safa"]
[Result "0-1"]
[BlackTitle "WFM"]
[WhiteElo "1606"]
[BlackElo "1577"]
[WhiteTeam "Ethiopia"]
[BlackTeam "Tunisia"]
[WhiteFideId "15702073"]
[BlackFideId "5503400"]
[EventDate "2021.08.27"]
[EventType "team"]

1. e4 e6 2. d4 d5 3. exd5 exd5 4. Nf3 Bd6 5. h3 Ne7 6. Bd3 Nbc6 7. c3 Bf5 8. O-O
Bxd3 9. Qxd3 Qd7 10. Re1 f6 11. Nbd2 O-O-O 12. b4 h5 13. a4 g5 14. Nh2 g4 15. h4
g3 16. fxg3 Rdg8 17. Ndf1 Nf5 18. Kf2 Nxg3 19. Bd2 Ne4+ 20. Rxe4 Qf5+ 21. Kg1
dxe4 22. Qe2 Rg7 23. Ne3 Qh3 24. Nhf1 Rhg8 25. Qf2 Ne7 26. a5 Nd5 27. Ra2 Nf4
28. Bc1 Nd3 29. Qe2 Nxc1 30. Qxh5 Nxa2 31. Qf5+ Qxf5 32. Nxf5 Rxg2+ 33. Kh1 Rg1# 0-1

[Event "Online Olym Div3 B 2021"]
[Site "chess.com INT"]
[Date "2021.08.29"]
[Round "7.2"]
[Board "4"]
[White "Guidara, Rawia"]
[Black "Tekulu, Masho Beyene"]
[Result "1-0"]
[WhiteElo "1360"]
[BlackElo "1403"]
[WhiteTeam "Tunisia"]
[BlackTeam "Ethiopia"]
[WhiteFideId "5506697"]
[BlackFideId "15702758"]
[EventDate "2021.08.27"]
[EventType "team"]

1. e4 c5 2. Nf3 Nc6 3. d4 cxd4 4. Nxd4 d6 5. Nc3 g6 6. Be3 Bg7 7. Qd2 Nf6 8. f3
a6 9. Be2 e5 10. Nxc6 bxc6 11. Rd1 Bf8 12. f4 Bb7 13. fxe5 dxe5 14. Qxd8+ Rxd8
15. Rxd8+ Kxd8 16. O-O Be7 17. Bc4 Ke8 18. Bg5 Bc5+ 19. Kh1 Ng4 20. Bxf7+ Kd7
21. h3 Nf2+ 22. Kh2 1-0

[Event "Online Olym Div3 B 2021"]
[Site "chess.com INT"]
[Date "2021.08.29"]
[Round "7.2"]
[Board "5"]
[White "Kebede, Yoseph Kifle"]
[Black "Elayeb, Med Yessine"]
[Result "1-0"]
[WhiteElo "1814"]
[BlackElo "1661"]
[WhiteTeam "Ethiopia"]
[BlackTeam "Tunisia"]
[WhiteFideId "15708063"]
[BlackFideId "5506433"]
[EventDate "2021.08.27"]
[EventType "team"]

1. e4 c5 2. Nf3 Nc6 3. d3 e6 4. g3 Nf6 5. Bg2 d5 6. e5 Nd7 7. Bf4 Be7 8. h4 b5
9. a4 Rb8 10. axb5 Rxb5 11. b3 Ra5 12. Nbd2 Nb4 13. O-O Qb6 14. Rxa5 Qxa5 15. d4
Qa2 16. c3 Nc6 17. Re1 cxd4 18. c4 Nb6 19. cxd5 Nxd5 20. Nc4 Nc3 21. Qd3 Qxb3
22. Nxd4 Nxd4 23. Qxd4 O-O 24. Nd6 Rd8 25. Kh2 Nb5 26. Qc5 Nxd6 27. exd6 Bf8 28.
Qc7 Qb6 29. Rb1 Qxb1 30. Qxd8 1-0

[Event "Online Olym Div3 B 2021"]
[Site "chess.com INT"]
[Date "2021.08.29"]
[Round "7.3"]
[Board "1"]
[White "Loay, Sameer"]
[Black "Methu, Joseph Muragu"]
[Result "1/2-1/2"]
[WhiteTitle "IM"]
[WhiteElo "2197"]
[BlackElo "2125"]
[WhiteTeam "Jordan"]
[BlackTeam "Kenya"]
[WhiteFideId "8104239"]
[BlackFideId "10804714"]
[EventDate "2021.08.27"]
[EventType "team"]

1. Nf3 Nf6 2. g3 g6 3. Bg2 Bg7 4. O-O O-O 5. d3 c5 6. e4 Nc6 7. c3 d6 8. Re1 Rb8
9. h3 Bd7 10. Be3 b5 11. a3 a5 12. Nbd2 b4 13. axb4 axb4 14. d4 bxc3 15. bxc3
cxd4 16. cxd4 Ne8 17. Nc4 Nb4 18. Qd2 d5 19. exd5 Nxd5 20. Nfe5 Nxe3 21. Rxe3
Nd6 22. Na5 Rc8 23. Rc3 Rxc3 24. Qxc3 Qc8 25. Qxc8 Bxc8 26. Nac6 Bf6 27. Ra7 Nb5
28. Ra5 Nd6 29. f4 e6 30. g4 g5 31. fxg5 Bxg5 32. Kf2 Bb7 33. Kg3 Bxc6 34. Nxc6
Bf6 35. g5 Bg7 36. Kf4 h6 37. h4 hxg5+ 38. hxg5 f6 39. g6 e5+ 40. dxe5 fxe5+ 41.
Kg3 Rf6 42. Nxe5 Bf8 43. Bd5+ Kg7 44. Ra7+ Kh6 45. Rh7+ Kg5 46. g7 Bxg7 47.
Rxg7+ Kf5 48. Nf3 Rg6+ 49. Rxg6 Kxg6 50. Kf4 Kf6 51. Nd4 Ne8 52. Nb5 Ke7 53. Ke5
Kd7 54. Nd4 Nc7 55. Bc6+ Ke7 56. Nf5+ Kf7 57. Nd6+ Ke7 58. Nf5+ Kf7 59. Bd7 Kg6
60. Ne3 Kf7 61. Nf5 Kg6 62. Kd6 Nb5+ 63. Ke7 Nc3 64. Ke6 Kg5 65. Nd4 Kf4 66. Bc6
Ne4 67. Ba8 Nc5+ 68. Kd5 Nd3 69. Ne6+ Ke3 70. Ng5 Nf4+ 71. Ke5 Nd3+ 72. Kf5 Kd4
73. Nf3+ Kc5 74. Ke4 Nb4 75. Ne5 Na6 76. Nd3+ Kc4 77. Bd5+ Kc3 78. Nf4 Nc5+ 79.
Ke5 Nb3 80. Bg8 Nc5 81. Kd5 Nb3 82. Ne2+ Kd2 83. Nf4 Ke3 84. Ke5 Nd2 85. Nd5+
Kf2 86. Kf4 Ke2 87. Bh7 Nb3 88. Ke4 Nd2+ 89. Kd4 Nf3+ 90. Kc3 Kf2 91. Kd3 Ne5+
92. Ke4 Nc4 93. Kf4 Ke2 94. Nb4 Kd2 95. Ke4 Nd6+ 96. Kd4 Nb5+ 97. Kc4 Na3+ 98.
Kc5 Nb1 99. Bxb1 Kc3 100. Nd5+ Kb2 101. Bf5 Kc1 102. Kd4 Kd2 103. Bg4 Kc2 104.
Be2 Kb2 105. Kc4 Kc2 106. Kd4 Kd2 107. Ba6 Kc2 108. Ne3+ Kd2 109. Bd3 Kc1 110.
Nc4 Kd1 111. Ke3 Kc1 112. Kd4 Kd1 113. Ke3 Kc1 114. Be4 Kd1 115. Kd3 Kc1 116.
Bf3 Kb1 117. Kc3 Ka1 118. Kb3 Kb1 119. Nd2+ Ka1 120. Kc3 Ka2 121. Bd5+ Ka1 122.
Nb3+ Kb1 123. Be4+ Ka2 124. Nc1+ Ka1 125. Nd3 Kb1 126. Nb4+ Ka1 127. Nc2+ Kb1
128. Kb3 Kc1 129. Nd4 Kd2 130. Kc4 Ke3 131. Bb1 Kf4 132. Kd5 Kg5 133. Ke6 Kf4
134. Nc6 Ke3 135. Ke5 Kd2 136. Bh7 Kc1 137. Kd4 Kb2 138. Kc4 Ka1 139. Nb4 Kb2
140. Nd3+ Ka1 141. Kc3 Kb1 142. Kb3 Ka1 143. Bg6 Kb1 144. Be4 Ka1 145. Kc2 Ka2
146. Nc5 Ka1 147. Kc3 Ka2 148. Nb3 Ka3 149. Bb1 1/2-1/2

[Event "Online Olym Div3 B 2021"]
[Site "chess.com INT"]
[Date "2021.08.29"]
[Round "7.3"]
[Board "2"]
[White "Likoko, Elvis"]
[Black "Aboudi, Marwan"]
[Result "1-0"]
[WhiteElo "1646"]
[BlackElo "2136"]
[WhiteTeam "Kenya"]
[BlackTeam "Jordan"]
[WhiteFideId "10815090"]
[BlackFideId "8100160"]
[EventDate "2021.08.27"]
[EventType "team"]

1. e4 c5 2. Nf3 Nc6 3. Bb5 g6 4. Bxc6 dxc6 5. h3 Bg7 6. O-O Nf6 7. d3 Nd7 8. a4
a5 9. Na3 e5 10. Bg5 Qc7 11. Nc4 Nf8 12. Qd2 h6 13. Be3 Ne6 14. b3 f5 15. exf5
gxf5 16. Qc1 f4 17. Bd2 Ng5 18. Nfxe5 Bxh3 19. Bxf4 O-O 20. Bxg5 Be6 21. Bxh6
Bxe5 22. Nxe5 Qxe5 23. Bxf8 Rxf8 24. Qe3 Qf5 25. Rae1 Bd5 26. Qg3+ Kf7 27. Re5
Qf6 28. Qg5 Rg8 29. Qh5+ Kg7 30. Rfe1 Rf8 31. Rg5+ 1-0

[Event "Online Olym Div3 B 2021"]
[Site "chess.com INT"]
[Date "2021.08.29"]
[Round "7.3"]
[Board "3"]
[White "Alattar, Ghayda M."]
[Black "Ndirangu, Nyaruai, Joyce"]
[Result "1-0"]
[WhiteTitle "WFM"]
[BlackTitle "WCM"]
[WhiteElo "1868"]
[BlackElo "1647"]
[WhiteTeam "Jordan"]
[BlackTeam "Kenya"]
[WhiteFideId "8101531"]
[BlackFideId "10802886"]
[EventDate "2021.08.27"]
[EventType "team"]

1. d4 d5 2. Nc3 Nf6 3. Bg5 c6 4. f3 Bf5 5. Qd2 h6 6. Bf4 e6 7. e3 Bb4 8. Bd3
Nbd7 9. Nge2 Rc8 10. O-O-O Qa5 11. Bxf5 exf5 12. Qd3 g6 13. Kb1 h5 14. e4 fxe4
15. fxe4 O-O 16. e5 Ng4 17. Rhf1 Kh7 18. h3 Nh6 19. g4 h4 20. Qe3 Ng8 21. Qf2
Be7 22. g5 Nb6 23. Qxh4+ Kg7 24. e6 f6 25. gxf6+ Bxf6 26. Bg5 Bxg5 27. Qxg5 Rxf1
28. Rxf1 Nh6 29. Nf4 1-0

[Event "Online Olym Div3 B 2021"]
[Site "chess.com INT"]
[Date "2021.08.29"]
[Round "7.3"]
[Board "4"]
[White "Wanjiru, Lucy"]
[Black "Raya, Alnaimat"]
[Result "1-0"]
[WhiteTitle "WCM"]
[WhiteElo "1619"]
[BlackElo "1694"]
[WhiteTeam "Kenya"]
[BlackTeam "Jordan"]
[WhiteFideId "10808590"]
[BlackFideId "8103690"]
[EventDate "2021.08.27"]
[EventType "team"]

1. e4 d6 2. d4 g6 3. Nf3 Bg7 4. c3 Bg4 5. h3 Bxf3 6. Qxf3 Nc6 7. Bc4 e6 8. O-O
Nf6 9. Bg5 O-O 10. Nd2 h6 11. Bh4 g5 12. Bg3 d5 13. Bd3 dxe4 14. Nxe4 Nxe4 15.
Qxe4 Qd7 16. Qh7# 1-0

[Event "Online Olym Div3 B 2021"]
[Site "chess.com INT"]
[Date "2021.08.29"]
[Round "7.3"]
[Board "5"]
[White "Amr Majdalawi"]
[Black "Mcligeyo, Robert"]
[Result "1/2-1/2"]
[WhiteTitle "CM"]
[WhiteElo "1806"]
[BlackElo "1688"]
[WhiteTeam "Jordan"]
[BlackTeam "Kenya"]
[WhiteFideId "8106401"]
[BlackFideId "10814647"]
[EventDate "2021.08.27"]
[EventType "team"]

1. e4 c5 2. Nc3 d6 3. g3 Nf6 4. Bg2 g6 5. d3 Bg7 6. h3 e5 7. f4 Nc6 8. Nf3 Be6
9. g4 exf4 10. Bxf4 a6 11. O-O O-O 12. Qd2 d5 13. Bg5 dxe4 14. Bxf6 Qxf6 15.
Nxe4 Qe7 16. Rab1 Rad8 17. Qe2 Bxa2 18. Rbe1 Bd5 19. c3 Bxe4 20. dxe4 Ne5 21.
Nxe5 Bxe5 22. Rd1 Qh4 23. Qf3 Qe7 24. Rfe1 Bd6 25. Rd5 Bh2+ 26. Kf1 Rfe8 27.
Red1 Bc7 28. Qf2 b6 29. Qf3 Rxd5 30. Rxd5 Rd8 31. Rxd8+ Qxd8 32. Ke2 Be5 33. Qd3
Qc8 34. Qd5 Bf6 35. e5 Qe8 36. Qa8 Qxa8 37. Bxa8 Bxe5 38. Bb7 a5 39. Bc6 Kg7 40.
Kd3 1/2-1/2

[Event "Online Olym Div3 B 2021"]
[Site "chess.com INT"]
[Date "2021.08.29"]
[Round "7.3"]
[Board "6"]
[White "Gosrani, Naiya"]
[Black "Tala, Alnasser"]
[Result "1/2-1/2"]
[WhiteElo "1331"]
[BlackElo "1431"]
[WhiteTeam "Kenya"]
[BlackTeam "Jordan"]
[WhiteFideId "10805397"]
[BlackFideId "8110328"]
[EventDate "2021.08.27"]
[EventType "team"]

1. e4 c5 2. Nf3 Nc6 3. d4 cxd4 4. Nxd4 g6 5. Nc3 Bg7 6. Be3 d6 7. f3 a6 8. a3
Nf6 9. Bc4 e6 10. Qd2 Qc7 11. Nxc6 bxc6 12. Bh6 O-O 13. h4 d5 14. exd5 exd5 15.
Be2 Qg3+ 16. Kd1 Qxg2 17. Rf1 Bf5 18. Bxg7 Kxg7 19. Bd3 Qxd2+ 20. Kxd2 Bxd3 21.
Kxd3 c5 22. Rae1 Rfe8 23. Re2 Rxe2 24. Nxe2 Nh5 25. Rg1 h6 26. Rg4 Kf6 27. Nf4
Nxf4+ 28. Rxf4+ Kg7 29. Ra4 Kf6 30. Ra5 c4+ 31. Kd4 Rb8 32. Rxa6+ Kf5 33. Kxd5
Rxb2 34. c3 Rh2 35. Ra7 f6 36. Kxc4 Rxh4+ 37. Kd3 Rh1 38. a4 Ke5 39. a5 Kd5 40.
a6 Ra1 41. Ra8 Kc6 42. a7 Kb7 43. Rf8 f5 44. Rf6 Rxa7 45. Rxg6 h5 46. Rh6 Ra8
47. Rxh5 Rd8+ 48. Ke3 Rc8 49. Rxf5 Rxc3+ 50. Kf4 Kc7 51. Kg5 Kd7 52. f4 Ke7 53.
Re5+ Kf7 54. Kf5 Rf3 55. Kg4 Rf1 56. f5 Rg1+ 57. Kf4 Rf1+ 58. Ke4 Re1+ 59. Kd5
Rd1+ 60. Kc4 Kf6 61. Rc5 Rc1+ 62. Kd5 Rxc5+ 63. Kxc5 Kxf5 1/2-1/2

[Event "Online Olym Div3 B 2021"]
[Site "chess.com INT"]
[Date "2021.08.29"]
[Round "7.4"]
[Board "1"]
[White "O'Donnell, Conor"]
[Black "Paiva, Donaldo"]
[Result "0-1"]
[WhiteTitle "FM"]
[BlackTitle "CM"]
[WhiteElo "2314"]
[BlackElo "2201"]
[WhiteTeam "Ireland"]
[BlackTeam "Mozambique"]
[WhiteFideId "2504243"]
[BlackFideId "14800098"]
[EventDate "2021.08.27"]
[EventType "team"]

1. d4 Nf6 2. Bg5 Ne4 3. Bf4 d5 4. e3 Bf5 5. f3 Nf6 6. g4 Bg6 7. h4 h5 8. g5 Nfd7
9. c4 c6 10. Nc3 e6 11. Qb3 b6 12. O-O-O Be7 13. e4 dxc4 14. Bxc4 O-O 15. Nge2
b5 16. Bd3 a5 17. Be3 a4 18. Qc2 Na6 19. Nf4 Nb4 20. Qg2 Nxd3+ 21. Rxd3 b4 22.
Nce2 Qc7 23. Kb1 c5 24. Nxg6 fxg6 25. Qh3 Ra6 26. dxc5 Ne5 27. Bf4 Qxc5 28. Rd2
Nc4 29. Rd7 b3 30. Nc3 Rxf4 31. Rc7 Qxc7 0-1

[Event "Online Olym Div3 B 2021"]
[Site "chess.com INT"]
[Date "2021.08.29"]
[Round "7.4"]
[Board "2"]
[White "Calicoca, Wilton Inacio"]
[Black "Jessel, Stephen"]
[Result "0-1"]
[WhiteTitle "FM"]
[BlackTitle "FM"]
[WhiteElo "2119"]
[BlackElo "2297"]
[WhiteTeam "Mozambique"]
[BlackTeam "Ireland"]
[WhiteFideId "14800268"]
[BlackFideId "628859"]
[EventDate "2021.08.27"]
[EventType "team"]

1. e4 c5 2. Nf3 e6 3. d4 cxd4 4. Nxd4 a6 5. c4 Nf6 6. Nc3 Qc7 7. Be2 Bb4 8. Qd3
O-O 9. O-O d6 10. Bg5 Nbd7 11. Bxf6 Nxf6 12. Rad1 Rd8 13. Bf3 Nd7 14. b3 Ne5 15.
Qe3 b5 16. Be2 bxc4 17. bxc4 Nxc4 18. Bxc4 Qxc4 19. Rc1 Bc5 20. Nce2 Qa4 21. Qg5
Bd7 22. Rfd1 h6 23. Qe7 Re8 24. Qh4 Rac8 25. Nc3 Qa3 26. Nb3 Bb4 27. Qg3 Red8
28. h4 Be8 29. Rc2 Bxc3 30. Rxc3 e5 31. Rxc8 Rxc8 32. Qd3 Rd8 33. Qc2 Bb5 34.
Nd2 Qc5 35. Qb2 Rc8 36. Nf3 Qc2 37. Qxc2 Rxc2 38. Rxd6 f6 39. a4 Be2 40. a5 Rc5
41. Rd2 Bxf3 42. gxf3 Rxa5 43. Rd8+ Kh7 44. h5 Rb5 45. Ra8 a5 46. Ra7 Kg8 47.
Kg2 Rc5 48. Ra8+ Kf7 49. Ra7+ Kf8 50. Ra8+ Kf7 51. Ra7+ Kg8 52. Ra8+ Kh7 53. Ra7
Rb5 54. Kg3 Kg8 55. Ra8+ Kf7 56. Ra7+ Kf8 57. Kg4 Kg8 58. Kf5 Kh7 59. Kg4 Rc5
60. Ra6 Rc2 61. Kg3 Ra2 62. Ra7 Ra1 63. Kg2 a4 64. Kh2 a3 65. Kg2 Kg8 66. Kh2
Kf8 67. Kg3 Kg8 68. Kg2 Ra2 69. Kg3 Kf8 70. Kg2 Ra1 71. Kh2 a2 72. Kg2 Ke8 73.
f4 exf4 74. Kf3 Kd8 75. Ke2 Kc8 76. Kf3 Kb8 77. Ra3 Kb7 78. Kxf4 Kb6 79. Kf5 Kb5
80. f4 Kb4 81. Ra8 Kb3 82. Rb8+ Kc4 83. Ra8 Kc3 84. Rc8+ Kd3 85. Ra8 Ke3 86.
Ra3+ Kf2 87. e5 fxe5 88. fxe5 Kg2 89. Ke6 Kh2 90. Ke7 Re1 91. Rxa2+ Kg3 92. e6
Kg4 93. Ra5 Re2 94. Kf7 Kh4 95. e7 Rf2+ 96. Kxg7 Re2 97. Kf7 Rf2+ 98. Ke8 Kg4
99. Rd5 Ra2 100. Kd7 Ra7+ 101. Ke6 Ra6+ 102. Ke5 Ra8 103. Rd8 Ra5+ 104. Kf6 Rf5+
105. Kg6 Rg5+ 106. Kxh6 Rxh5+ 107. Kg6 Rg5+ 108. Kf6 Rf5+ 109. Ke6 Kf4 110. e8=Q
Re5+ 111. Kd6 Rxe8 112. Rxe8 0-1

[Event "Online Olym Div3 B 2021"]
[Site "chess.com INT"]
[Date "2021.08.29"]
[Round "7.4"]
[Board "3"]
[White "Gelip, Ioana"]
[Black "Curia, Joana"]
[Result "1-0"]
[WhiteTitle "WFM"]
[WhiteElo "2185"]
[BlackElo "1492"]
[WhiteTeam "Ireland"]
[BlackTeam "Mozambique"]
[WhiteFideId "1202260"]
[BlackFideId "14800454"]
[EventDate "2021.08.27"]
[EventType "team"]

1. e4 b6 2. d4 e6 3. Nf3 h6 4. Bd3 Bb7 5. O-O Nf6 6. Re1 Be7 7. c4 O-O 8. Nc3
Bb4 9. e5 Bxc3 10. bxc3 Nh7 11. Bc2 f5 12. exf6 Rxf6 13. Qd3 Nf8 14. Ne5 Nc6 15.
Ng4 Rf7 16. d5 Na5 17. Ne5 Rf5 18. Qg3 Rf6 19. Ng4 Kh8 20. Nxf6 Qxf6 21. Qd3 e5
22. Ba3 d6 23. Bb4 Bc8 24. Bxa5 bxa5 25. Re3 a6 26. Rf3 1-0

[Event "Online Olym Div3 B 2021"]
[Site "chess.com INT"]
[Date "2021.08.29"]
[Round "7.4"]
[Board "5"]
[White "Kanyamarala, Tarun"]
[Black "Vasco, Mateus Felizardo Viageiro"]
[Result "1-0"]
[WhiteTitle "FM"]
[WhiteElo "2369"]
[BlackElo "1862"]
[WhiteTeam "Ireland"]
[BlackTeam "Mozambique"]
[WhiteFideId "45004714"]
[BlackFideId "14800403"]
[EventDate "2021.08.27"]
[EventType "team"]

1. e4 c5 2. Nc3 a6 3. g3 d6 4. Bg2 Nc6 5. Nge2 Bd7 6. O-O g6 7. d4 cxd4 8. Nxd4
Bg7 9. Be3 Nf6 10. h3 Rc8 11. Nxc6 Bxc6 12. Bd4 O-O 13. a4 Qa5 14. Re1 Rfd8 15.
Qc1 e5 16. Be3 d5 17. Bg5 d4 18. Nd5 Bxd5 19. exd5 Re8 20. d6 Rcd8 21. Bxb7 Qb6
22. Bg2 Qxd6 23. Qd2 Rb8 24. c3 Nd5 25. cxd4 1-0

[Event "Online Olym Div3 B 2021"]
[Site "chess.com INT"]
[Date "2021.08.29"]
[Round "7.4"]
[Board "6"]
[White "Naira Sinoia"]
[Black "Bueckert, Diana"]
[Result "0-1"]
[WhiteElo "1116"]
[BlackElo "1305"]
[WhiteTeam "Mozambique"]
[BlackTeam "Ireland"]
[WhiteFideId "14801027"]
[BlackFideId "2513552"]
[EventDate "2021.08.27"]
[EventType "team"]

1. e4 e6 2. d3 d5 3. exd5 exd5 4. Nc3 Nf6 5. Nf3 c5 6. Bg5 Be7 7. Bxf6 Bxf6 8.
Be2 O-O 9. O-O Be6 10. d4 Qb6 11. dxc5 Qxb2 12. Nxd5 Qxa1 13. Nc7 Qxd1 14. Rxd1
Nc6 15. Nxa8 Rxa8 16. h3 Bxa2 17. Rd7 Na5 18. g4 Re8 19. Bb5 Rc8 20. g5 Bc3 21.
Nh4 Be6 22. Rd3 Bb4 23. f4 Bxc5+ 24. Kh2 g6 25. Nf3 Bc4 26. Bxc4 Nxc4 27. Rc3
Nd6 28. Ne5 Bg1+ 29. Kxg1 Rxc3 30. Nd7 Rxc2 31. Nf6+ Kg7 32. h4 a5 33. h5 gxh5
34. Nxh5+ Kg6 35. Ng3 a4 36. Kf1 a3 37. Ke1 a2 38. Kd1 Rh2 39. f5+ Kxg5 40. Ne2
a1=Q+ 41. Kd2 Qb2+ 42. Kd3 Qxe2+ 43. Kd4 Nxf5+ 44. Kd5 Qb5+ 45. Ke4 Rh4+ 46. Kf3
Qd3+ 47. Kg2 Qe2+ 48. Kg1 Rg4+ 49. Kh1 Qg2# 0-1

[Event "Online Olym Div3 B 2021"]
[Site "chess.com INT"]
[Date "2021.08.29"]
[Round "7.5"]
[Board "1"]
[White "Khairallah, Faisal"]
[Black "Salih, Akar Ali Salih"]
[Result "1-0"]
[WhiteTitle "FM"]
[BlackTitle "FM"]
[WhiteElo "2247"]
[BlackElo "2274"]
[WhiteTeam "Lebanon"]
[BlackTeam "Iraq"]
[WhiteFideId "4628250"]
[BlackFideId "4800575"]
[EventDate "2021.08.27"]
[EventType "team"]

1. d4 Nf6 2. Bg5 Ne4 3. Bf4 d6 4. f3 Nf6 5. e4 Nbd7 6. Ne2 e5 7. Be3 c6 8. Nbc3
Be7 9. Qd2 O-O 10. O-O-O b5 11. Ng3 exd4 12. Bxd4 b4 13. Nce2 c5 14. Be3 Ne5 15.
Nf4 Qa5 16. Kb1 g6 17. h4 h5 18. b3 Bb7 19. Nd5 Bxd5 20. exd5 Rac8 21. Bg5 Rfe8
22. f4 Neg4 23. f5 c4 24. fxg6 fxg6 25. Bxc4 Rxc4 26. bxc4 Ne5 27. Qf4 Nfg4 28.
Bxe7 Rxe7 29. Rhf1 Rf7 30. Qd4 Rc7 31. Qf4 Rxc4 32. Qf8+ Kh7 33. Qe7+ Kh6 34.
Rf8 Qc7 35. Rh8# 1-0